Foot and mouth disease: rumours of a mass cull (Record no. 67256)

MARC details
000 -LEADER
fixed length control field 00688cam a2200205 4500
001 - CONTROL NUMBER
control field WB3722-22
008 - FIXED-LENGTH DATA ELEMENTS--GENERAL INFORMATION
fixed length control field 000000n2001 000 0 eng u
035 ## - SYSTEM CONTROL NUMBER
System control number (Sirsi) u112974
245 ## - TITLE STATEMENT
Title Foot and mouth disease: rumours of a mass cull
260 ## - PUBLICATION, DISTRIBUTION, ETC.
Date of publication, distribution, etc. 2001
490 ## - SERIES STATEMENT
Series statement MAFF News Release
Volume/sequential designation (211/01) 4 June 2001, (1)
520 ## - SUMMARY, ETC.
Summary, etc. Counters rumours of a mass cull of animals. Restates the present policy of slaughter of infected animals within 24 hours and on neighbouring holdings within 48 hours.
590 ## - LOCAL NOTE (RLIN)
Local note WB
650 ## - SUBJECT ADDED ENTRY--TOPICAL TERM
Topical term or geographic name entry element FOOT-AND-MOUTH DISEASE
650 ## - SUBJECT ADDED ENTRY--TOPICAL TERM
Topical term or geographic name entry element SLAUGHTER SCHEME
650 ## - SUBJECT ADDED ENTRY--TOPICAL TERM
Topical term or geographic name entry element MAFF
650 ## - SUBJECT ADDED ENTRY--TOPICAL TERM
Topical term or geographic name entry element CULL
690 ## - LOCAL SUBJECT ADDED ENTRY--TOPICAL TERM (OCLC, RLIN)
Topical term or geographic name as entry element RURAL-AGRICULTURE AND FORESTRY
942 ## - ADDED ENTRY ELEMENTS (KOHA)
Suppress in OPAC 0
Holdings
Withdrawn status Lost status Source of classification or shelving scheme Damaged status Not for loan Home library Current library Shelving location Date acquired Total Checkouts Full call number Barcode Date last seen Copy number Price effective from Koha item type
    Dewey Decimal Classification     London London News article 06/06/2001   WB3722-22 112974-1001 06/08/2019 1 06/08/2019 News article